000 01214cam a22003251a 4500
999 _c28990
_d28961
001 10221982
003 EG-ScBUE
005 20201025095650.0
008 780302s1945 enkabeff 001 0 eng d
035 _a(OCoLC)3683920
040 _aDLC
_beng
_erda
_cOT
_dMoSU-L
_dDLC
_dEG-ScBUE
043 _ae-uk-en
082 0 4 _a711.0942
_bLUT
_222
100 1 _aLutyens, Edwin Landseer,
_cSir,
_d1869-1944,
_eauthor.
245 1 2 _aA plan for the city & county of Kingston upon Hull /
_cprepared for the City Council by Edwin Lutyens and Patrick Abercrombie, M.A.
264 1 _aLondon ;
_aHull :
_bA. Brown & Sons, Ltd.,
_c1945.
300 _axii, 92 pages, 46 [i.e. 47] pages of plates :
_billustrations, plans, 13 folded maps ;
_c37 cm
336 _2rdacontent
_atext
_btxt
337 _2rdamedia
_aunmediated
_bn
338 _2rdacarrier
_avolume
_bnc
500 _aIncludes index.
500 _aIncludes appendix.
650 7 _aCity planning
_zEngland
_zHull.
_2BUEsh
653 _bGGEN
_cOctober2020
655 _vReading book
_934232
700 1 _aAbercrombie, Patrick,
_d1879-1957,
_eauthor.
_933043
710 1 _aHull (England).
_bCity Council.
906 _a7
_bcbc
_coclcrpl
_du
_encip
_f19
_gy-gencatlg
942 _2ddc
_cBB